000 01039cam a22002531i 4500
003 SA-RiAUC
005 20250128071853.0
008 250127s2006 ua g e f000 0 ara c
040 _aSA-JeALM
_bara
_cSA-RiAUC.
_erda
082 0 4 _a220.3
_qSA-RiAUC
090 _a220.3
_bز ق ز
100 1 _aزقزوق، محمود حمدي،
_d1933-
_eمشرف.
245 1 2 _aالموسوعة القرآنية المتخصصة /
_cتأليف محمود حمدي زقزوق [ومجموعة آخرون]
264 1 _aالقاهرة :
_bوزارة الأوقاف، المجلس الأعلى للشؤون الإسلامية،
_c2003
300 _a902 صفحة ؛
_c30 سم
336 _aنص
_btxt
_2rdacontent
_3كتاب
337 _aبدون وسيط
_bn
_2rdamedia
338 _aمجلد
_bnc
_2rdacarrier
500 _aاهداء من فؤاد عبدالمنعم بتاريخ 19 / 7 / 1424 هـ
630 2 7 _aالقرآن
_vدوائر معارف
_2aucut
730 2 2 _aالقرآن
942 _2ddc
_cBOOK
_n0
949 _aSA-JeALM
_d250127
_uosman123
_n1
999 _c5326
_d5326